000 00437nam a2200169Ia 4500
001 25218
003 IN-NITTTR
005 20251114233320.0
008 251113s9999||||xx |||||||||||||| ||eng||
040 _beng
040 _cIN-NITTTR
041 _aeng
082 _a004.62 H165M
100 _aHalsall, Fred
245 0 _aMultimedia communications :
_b application, networks, protocols and standards /
_cHalsall, Fred
942 _2ddc
_cBK
999 _c27847
_d27847